Normal view MARC view
  • International Engineering Foundation Conference on Fireside Problems While Incinerating Municipal and Industrial Waste

Entry Meeting Name

Number of records used in: 2

001 - CONTROL NUMBER

  • control field: 6436

003 - CONTROL NUMBER IDENTIFIER

  • control field: NUST

005 - DATE AND TIME OF LATEST TRANSACTION

  • control field: 20171116104931.0

008 - FIXED-LENGTH DATA ELEMENTS

  • fixed length control field: 171116|| aca||aabn | a|a d

040 ## - CATALOGING SOURCE

  • Original cataloging agency: NUST
  • Transcribing agency: NUST

111 ## - HEADING--MEETING NAME

  • Meeting name or jurisdiction name as entry element: International Engineering Foundation Conference on Fireside Problems While Incinerating Municipal and Industrial Waste
  • Date of meeting: (1989 :
  • Location of meeting: Palm Coast, Fla.)

670 ## - SOURCE DATA FOUND

  • Source citation: Work cat.: (NUST)0: International Engineering Foundation Conference on Fireside Problems While Incinerating Municipal and Industrial Waste (1989 : Palm Coast, Fla.), Incinerating municipal and industrial waste :, c1991.
© 2023 Central Library, National University of Sciences and Technology. All Rights Reserved.